Top Goalscorers In Football History - Statistics

General Stats
  • This quiz has been taken 47 times
  • The average score is 6 of 20
Answer Stats
Answer % Correct
Cristiano Ronaldo
98%
Pelé
98%
Gerd Müller
86%
Ferenc Puskás
80%
Eusébio
64%
Romário
52%
Hugo Sánchez
34%
Zico
23%
Uwe Seeler
18%
Josef Bican
11%
Ferenc Deák
9%
James McGrory
9%
Arthur Friedenreich
7%
Túlio Maravilha
7%
Ernst Wilimowski
5%
Fernando Peyroteo
5%
Franz Binder
5%
Fritz Walter
5%
Gyula Zsengellér
5%
József Takács II
5%
No matching quizzes found
Score Distribution
Percent of People with Each Score
Percentile by Number Answered
Your Score History
You have not taken this quiz